000
00327nam a2200145Ia 4500
008
230718s9999 xx 000 0 und d
041
_a
Eng.
082
_a
349.5
_b
GHA-I
100
_a
Ghandi,B M
245
0
_a
Interpretation of status
260
_a
Pakistan
_b
irfan law
_c
2013
300
_a
213
650
_a
Law
999
_c
30454
_d
30454